|
|
|
|
| LEADER |
00766nam a2200229 a 4500 |
| 001 |
000637605 |
| 003 |
CZ BrMZK |
| 005 |
20021126113152.0 |
| 007 |
ta |
| 008 |
021121s1972 xr f cze d |
| 040 |
|
|
|a BOA001
|b cze
|c BOA001
|
| 100 |
1 |
|
|a Vejvoda, Josef,
|d 1935 únor 2.-
|7 ola2004262604
|4 aut
|
| 245 |
1 |
0 |
|a Suchý způsob odsiřování spalin alkalizovaná alumina /
|c Josef Vejvoda
|
| 260 |
|
|
|a Běchovice :
|b Ústav pro výzkum a využití paliv,
|c 1972
|
| 300 |
|
|
|a 68 s.
|
| 490 |
1 |
|
|a Monografie ÚVP ;
|v č. 27
|
| 500 |
|
|
|a Souhrn anglicky
|
| 504 |
|
|
|a Bibliografie na s. 65-66
|
| 830 |
|
0 |
|a Monografie ÚVP
|
| 910 |
|
|
|a BOA001
|b 1-0681.960
|
| 990 |
|
|
|a BK
|
| 996 |
6 |
|
|b 2619206684
|c 1-0681.960
|l MZK
|r Sklad / do 1 hodiny
|n 0
|w 000637605
|u 000010
|a 1
|e BOA001
|j MZK50
|s P
|